España bajo el dominio de los reyes de la familia de Borbón (Record no. 47972)

MARC details
000 -LEADER
campo de control de longitud fija 00851nam a22002055i 4500
001 - NÚMERO DE CONTROL
campo de control 47972
003 - IDENTIFICADOR DE NÚMERO DE CONTROL
campo de control ES-MaACL
005 - FECHA Y HORA DE LA ÚLTIMA TRANSACCIÓN
campo de control 20230906161654.0
007 - CAMPO FIJO DE DESCRIPCIÓN FÍSICA--INFORMACIÓN GENERAL
campo de control de longitud fija t|
008 - DATOS DE LONGITUD FIJA--INFORMACIÓN GENERAL
campo de control de longitud fija 950206s1836 sp ||||1| spa d
040 ## - FUENTE DE CATALOGACIÓN
Centro catalogador/agencia de origen CAM
Lengua de catalogación spa
Centro/agencia transcriptor CCPB | PA2
080 ## - NÚMERO DE LA CLASIFICACIÓN DECIMAL UNIVERSAL
Número de la Clasificación Decimal Universal 94(460)"17"
100 1# - ENTRADA PRINCIPAL--NOMBRE DE PERSONA
Nombre de persona Coxe, William.
9 (RLIN) 41403
245 10 - MENCIÓN DEL TÍTULO
Título España bajo el dominio de los reyes de la familia de Borbón
Resto del título : comprende desde la exaltación de Felipe V al trono en 1700 hasta 1814 en el reinado de Fernando VII /
Mención de responsabilidad, etc. obra original escrita por William Coxe ; traducida del francés al castellano... por Rafael Sevillano y Sánchez-Pleités.
260 ## - PUBLICACIÓN, DISTRIBUCIÓN, ETC.
Lugar de publicación, distribución, etc. Madrid :
Nombre del editor, distribuidor, etc. [s.n.],
Fecha de publicación, distribución, etc. 1836 (
Fabricante Tomás Jordán)
300 ## - DESCRIPCIÓN FÍSICA
Extensión 3 v. ;
Dimensiones 20 cm.
651 #4 - PUNTO DE ACCESO ADICIONAL DE MATERIA--NOMBRE GEOGRÁFICO
Nombre geográfico España-
Subdivisión general Historia-
Subdivisión cronológica S.XVIII.
9 (RLIN) 8359
700 1# - ENTRADA AGREGADA--NOMBRE PERSONAL
Nombre de persona Sevillano y Sánchez-Pleités, Rafael.
9 (RLIN) 105951
852 ## - LOCALIZACIÓN
Ubicación ES-MaACL
Número de control de estantería G-10251-53
Holdings
Estatus retirado Estado de pérdida Estado de daño No para préstamo Colección Biblioteca de origen Biblioteca actual Ubicación en estantería Fecha de adquisición Fuente de adquisición Total de préstamos Signatura topográfica completa Código de barras Visto por última vez Precio de reemplazo Tipo de ítem Koha
        Libros del s. XIX Biblioteca del Ateneo de Madrid Biblioteca del Ateneo de Madrid Sala Pecera Planta 3 17/01/2008     G-10251-53 1050484 23/02/2023 23/02/2023 Libro impreso antiguo